Salta al contenuto

Методика обучения ударам ногами в каратэ: практическое пособие

Практическое пособие разработано с целью оказания помощи студентам при самостоятельных занятиях каратэ. Практическая значимость состоит в повышении качества обучения техническим приемам каратэ, что может быть обеспечено изучением и внедрением наиболее эффективных педагогических воздействий и трениро...

Descrizione completa

Salvato in:
Dettagli Bibliografici
Autore principale: Толстенков А. Н.
Altri autori: Лисуненко Д. В.
Natura: Книга
Lingua:Russian
Pubblicazione: Гомель ГГУ имени Ф. Скорины 2022
Accesso online:https://e.lanbook.com/book/320972
https://e.lanbook.com/img/cover/book/320972.jpg
Tags: Aggiungi Tag
Nessun Tag, puoi essere il primo ad aggiungerne! !
LEADER 01869nam0a2200289 i 4500
001 320972
003 RuSpLAN
005 20240216150941.0
008 240216s2022 ru gs 000 0 rus
020 |a 978-985-577-858-6 
040 |a RuSpLAN 
041 0 |a rus 
044 |a ru 
080 |a 75.715.8я73 
084 |a 796.015.12:796.853.26(076)  |2 rubbk 
245 0 0 |a Методика обучения ударам ногами в каратэ: практическое пособие  |c Толстенков А. Н.,Лисуненко Д. В. 
260 |a Гомель  |b ГГУ имени Ф. Скорины  |c 2022 
300 |a 19 с. 
504 |a Библиогр.: доступна в карточке книги, на сайте ЭБС Лань 
520 8 |a Практическое пособие разработано с целью оказания помощи студентам при самостоятельных занятиях каратэ. Практическая значимость состоит в повышении качества обучения техническим приемам каратэ, что может быть обеспечено изучением и внедрением наиболее эффективных педагогических воздействий и тренировочных нагрузок. Адресовано студентам непрофильных специальностей университета. 
521 8 |a Книга из коллекции ГГУ имени Ф. Скорины - Физкультура и Спорт 
521 8 |a СЭБ 
100 1 |a Толстенков А. Н. 
700 1 |a Лисуненко Д. В. 
856 4 |u https://e.lanbook.com/book/320972 
856 4 8 |u https://e.lanbook.com/img/cover/book/320972.jpg 
953 |a https://e.lanbook.com/img/cover/book/320972.jpg 
Cannot write session to /tmp/vufind_sessions/sess_j16rbtq2spjvfg0ai3q8satgvk